Chaîne de mots de 7 lettres - Statistiques

Statistiques générales
  • Ce quiz a été pris 302 fois
    140 depuis la dernière actualisation
  • Le résultat moyen est 14 sur 30
Statistiques - réponses
Indices Réponses % Correct
Les petits de papa et maman Enfants
84%
Maroc, Algérie et Tunisie ensemble Maghreb
76%
Saint fêté le 6 décembre Nicolas
69%
360° dans une attraction Looping
67%
On ne la choisi pas a la naissance Famille
66%
Asperger ou de Rett Autisme
64%
Boisson au vin rouge Sangria
64%
Falaises connues en Normandie Etretat
63%
Prénom de Rogue Severus
62%
Pays entre l'Inde et la Chine Bhoutan
59%
Purée de piments de Tunisie Harissa
56%
Agence pour travailler Intérim
56%
Sucre du lait Lactose
53%
Nom du poisson-épée Espadon
50%
Capitale de la Libye Tripoli
50%
Mettre de coté, a part Ecarter
45%
Relatif aux noces Nuptial
44%
Soupe hongroise Goulash
42%
Gateau alsacien Kouglof
42%
Anagramme de Laminer Minéral
41%
Variété de cerise Griotte
38%
Dernière œuvre de Mozart Requiem
36%
Entreprise n°1 de fruits et légumes bio Biocoop
32%
Synonyme du Jogging Footing
32%
Personne aimant pratiquer Sportif
30%
Les stands en sport méca Paddock
28%
Groupe de soutien d'une personne Fanclub
26%
Eau-de-vie Brésilienne Cachaça
14%
Qui n'avance pas, manque de souffle Poussif
10%
Musée situé a Saint Désirât (07) Alambic
4%
Aucun quiz correspondant
Distribution des résultats
% des personnes avec chaque résultat
Percentile par nombre de réponses
Votre historique - résultats
Vous n’avez pas pris ce quiz depuis la dernière actualisation